| 000 | 00497pab a2200193 454500 | ||
|---|---|---|---|
| 008 | 180718b2007 xxu||||| |||| 00| 0 eng d | ||
| 100 | _aRajamani, R.C. | ||
| 245 | _aEconomic survey 06-07: optimism on growth, caution over inflation | ||
| 260 | _c2007 | ||
| 300 | _ap.44-47. | ||
| 362 | _aMar | ||
| 650 | _aInflation - India | ||
| 650 | _aEconomic growth - India | ||
| 650 | _aEconomic surveys - India | ||
| 650 | _aEconomic surveys | ||
| 773 | _aYojana | ||
| 908 | _aN | ||
| 909 | _a73508 | ||
| 999 |
_c73508 _d73508 |
||